00425nam a2200133Ia 4500008004100000100002200041245002700063260003200090300000800122942000700130999001500137952005900152952008000211201223s9999 xx 000 0 und d aMalayala Manorama 0aManorama Yearbook 1994 aKottayambMalayala Manorama a800 cBK c8615d8615 00104070aCLd2020-12-23r2020-12-23w2020-12-23yBK 00104070d2020-12-23o032.0954 M2395pPM03955r2020-12-23w2020-12-23yBK